000 00296nam a2200097 a 4500
005 20200930070805.0
008 110926s1915 000 spa d
245 0 _aCondiciones generales para la construcción, reedificación y reparación de...
260 _aSanto Domingo,
_c1915.
999 _c33609
_d33609
040 _aDO-SdBNP